LIBRARY & INFORMATION CENTRE, KCAET, TAVANUR

ONLINE PUBLIC ACCESS CATALOGUE (OPAC)

Agro processing: Straegy for acceleration and experts / (Record no. 9932)

MARC details
000 -LEADER
fixed length control field 00533cam a2200193ua 4500
020 ## - INTERNATIONAL STANDARD BOOK NUMBER
ISBN 81-204-0410-6
041 ## - LANGUAGE CODE
Language code of text/sound track or separate title eng
082 ## - DEWEY DECIMAL CLASSIFICATION NUMBER
Classification number 664.02
Item number SRI/AG
100 ## - MAIN ENTRY--AUTHOR NAME
Personal name Srivastava, U K .
245 00 - TITLE STATEMENT
Title Agro processing: Straegy for acceleration and experts /
250 ## - EDITION STATEMENT
Edition statement 1 /
260 ## - PUBLICATION, DISTRIBUTION, ETC. (IMPRINT)
Place of publication New Delhi :
Name of publisher Oxford & IBH Publishing company ,
Year of publication 1989.
300 ## - PHYSICAL DESCRIPTION
Number of Pages 435 ; .
700 1# - ADDED ENTRY--PERSONAL NAME
Personal name Vathsala, S .
942 ## - ADDED ENTRY ELEMENTS (KOHA)
Koha item type Books
Holdings
Withdrawn status Lost status Damaged status Home library Current library Date acquired Full call number Accession Number Koha item type
      KAUAET KAUAET 07/04/2012 664.02 SRI/AG 17733 Books
free website counter